000 00526nam a2200169Ia 4500
003 LDD
008 190117s9999 xx 000 0 und d
020 _c₹40
040 _cLDD
041 _ahi
082 _a8H3.709
100 _aराजकाव
245 0 _aहजारी प्रसाद द्विवेदी के ऐतिहासिक उपन्यास
_cराजकाव
260 _aदिल्ली
_bसाहित्य निधि
_c1987
300 _a108प्र.
942 _2ddc
_cH
999 _c168284
_d168284